00391 a2200145 4500245004000000020001700040250002100057650001500078005001700093260003700110084002300147300003800170500002000208999001700228 aLimited optionsb : a novelhprint a0825304199 : a1st American ed. aliterature20191021100054.0 anyubBeaufort Booksc1987, c1986 aPR6058.A62 L5 1987 a223 p. b 22 cm.c223 p. ; 22 cm. aPalma Harcourt. c13036d13036